Where am I?? #5 - Statistics

General Stats
  • This quiz has been taken 104 times
  • The average score is 6 of 6
Answer Stats
Instructions Answer Hint % Correct
Say 1 to receive your hint! 1 This is the largest city in the country.
100%
Say 2 to receive your hint! 2 It's also the capital
98%
Say 3 to receive your hint! 3 Latin Alphabet!
98%
Say 4 to receive your hint! 4 It's clearly a country scarred by the USSR.
96%
Say 5 to receive your hint! 5 The Latvian flag. I think you know where I am now.
96%
Name the city! Riga I should've went to Estonia.
66%
No matching quizzes found
Score Distribution
Percent of People with Each Score
Percentile by Number Answered
Your Score History
You have not taken this quiz